Planning & Designing of Residential Buildings (Record no. 30798)

MARC details
000 -LEADER
fixed length control field 00382nam a22001577a 4500
003 - CONTROL NUMBER IDENTIFIER
control field OSt
005 - DATE AND TIME OF LATEST TRANSACTION
control field 20220218104843.0
008 - FIXED-LENGTH DATA ELEMENTS--GENERAL INFORMATION
fixed length control field 220218b |||||||| |||| 00| 0 eng d
020 ## - INTERNATIONAL STANDARD BOOK NUMBER
International Standard Book Number 8180140725
040 ## - CATALOGING SOURCE
Transcribing agency H.U
082 ## - DEWEY DECIMAL CLASSIFICATION NUMBER
Classification number 643.1
100 ## - MAIN ENTRY--PERSONAL NAME
Personal name Rao Y.N Raja
9 (RLIN) 30842
245 ## - TITLE STATEMENT
Title Planning & Designing of Residential Buildings
260 ## - PUBLICATION, DISTRIBUTION, ETC.
Name of publisher, distributor, etc. Standard
Date of publication, distribution, etc. 2006
942 ## - ADDED ENTRY ELEMENTS (KOHA)
Source of classification or shelving scheme Dewey Decimal Classification
Koha item type Books like text book referance book
Suppress in OPAC No
Holdings
Withdrawn status Lost status Source of classification or shelving scheme Damaged status Not for loan Home library Current library Shelving location Date acquired Total Checkouts Full call number Barcode Date last seen Copy number Price effective from Koha item type
    Dewey Decimal Classification     IoT Library IoT Library General Stacks 02/18/2022   643.1/RAO/2006 IOTL0013563 02/18/2022 1 02/18/2022 Books like text book referance book
    Dewey Decimal Classification     IoT Library IoT Library General Stacks 02/25/2022   728/RAO/2011 IOTL0015757 02/25/2022 2 02/25/2022 Books like text book referance book
    Dewey Decimal Classification     IoT Library IoT Library General Stacks 02/25/2022   728/RAO/2011 IOTL0015758 02/25/2022 3 02/25/2022 Books like text book referance book
    Dewey Decimal Classification     IoT Library IoT Library General Stacks 02/25/2022   728/RAO/2011 IOTL0015759 02/25/2022 4 02/25/2022 Books like text book referance book
    Dewey Decimal Classification     IoT Library IoT Library General Stacks 02/25/2022   728/RAO/2011 IOTL0015760 02/25/2022 5 02/25/2022 Books like text book referance book
    Dewey Decimal Classification     IoT Library IoT Library General Stacks 02/25/2022   728/RAO/2011 IOTL0015761 02/25/2022 6 02/25/2022 Books like text book referance book
    Dewey Decimal Classification     IoT Library IoT Library General Stacks 02/25/2022   728/RAO/2011 IOTL0015762 02/25/2022 7 02/25/2022 Books like text book referance book
    Dewey Decimal Classification     IoT Library IoT Library General Stacks 02/25/2022   728/RAO/2011 IOTL0015763 02/25/2022 8 02/25/2022 Books like text book referance book
    Dewey Decimal Classification     IoT Library IoT Library General Stacks 04/01/2022   728/RAO/2011 IOTL0019577 04/01/2022 9 04/01/2022 Books like text book referance book
    Dewey Decimal Classification     IoT Library IoT Library General Stacks 04/01/2022   728/RAO/2011 IOTL0019578 04/01/2022 10 04/01/2022 Books like text book referance book
    Dewey Decimal Classification     IoT Library IoT Library General Stacks 04/01/2022   728/RAO/2011 IOTL0019579 04/01/2022 11 04/01/2022 Books like text book referance book